L'activité Professionnelle Des Étrangers en France (Professions Non Salariées) / (Record no. 52106)
[ view plain ]
| 000 -LEADER | |
|---|---|
| fixed length control field | 01248nam a22003257i 4500 |
| 003 - CONTROL NUMBER IDENTIFIER | |
| control field | EG-GICUC |
| 005 - DATE AND TIME OF LATEST TRANSACTION | |
| control field | 20260121101531.0 |
| 008 - FIXED-LENGTH DATA ELEMENTS--GENERAL INFORMATION | |
| fixed length control field | 251222s1955 fr k|||fr|||| 001 0 fre d |
| 040 ## - CATALOGING SOURCE | |
| Original cataloging agency | EG-GiCUC |
| Language of cataloging | fre |
| Transcribing agency | EG-GiCUC |
| Modifying agency | EG-GiCUC |
| Description conventions | Rda |
| 041 ## - LANGUAGE CODE | |
| Language code of text/sound track or separate title | fre |
| 082 04 - DEWEY DECIMAL CLASSIFICATION NUMBER | |
| Edition number | 21 |
| Classification number | 341.83044 |
| Item number | SI . A |
| 092 04 - LOCALLY ASSIGNED DEWEY CALL NUMBER (OCLC) | |
| Edition number | 21 |
| 099 ## - LOCAL FREE-TEXT CALL NUMBER (OCLC) | |
| Classification number | Law1 12 341.83044 SI . A 1955 |
| 100 1# - MAIN ENTRY--PERSONAL NAME | |
| Personal name | Simon-Depitre, Marthe, |
| Dates associated with a name | 1911-1997, |
| Relator term | Auteur |
| 245 12 - TITLE STATEMENT | |
| Title | L'activité Professionnelle Des Étrangers en France (Professions Non Salariées) / |
| Statement of responsibility, etc. | Par Marthe Simon-Depitre. |
| 264 #1 - PRODUCTION, PUBLICATION, DISTRIBUTION, MANUFACTURE, AND COPYRIGHT NOTICE | |
| Place of production, publication, distribution, manufacture | Paris : |
| Name of producer, publisher, distributor, manufacturer | Librairie du Journal des notaires et des avocats, |
| Date of production, publication, distribution, manufacture, or copyright notice | 1955. |
| 300 ## - PHYSICAL DESCRIPTION | |
| Extent | 431 pages : |
| Other physical details | forms. ; |
| Dimensions | 24 cm. |
| 336 ## - CONTENT TYPE | |
| Source | rda contenu |
| Content type term | texte |
| 337 ## - MEDIA TYPE | |
| Source | rda medias |
| Media type term | Ordinateur |
| 338 ## - CARRIER TYPE | |
| Source | transporteur rda |
| Carrier type term | Ressource en ligne |
| 490 0# - SERIES STATEMENT | |
| Series statement | Comment faire: législation, jurisprudence, doctriné ; |
| Volume/sequential designation | 6. |
| 500 ## - GENERAL NOTE | |
| General note | Traités internationaux": p. 223-372. |
| 504 ## - BIBLIOGRAPHY, ETC. NOTE | |
| Bibliography, etc. note | Include Bibliography: pages 395-400 And Bibliographic references |
| 546 ## - LANGUAGE NOTE | |
| Language note | Texte en français |
| 650 14 - SUBJECT ADDED ENTRY--TOPICAL TERM | |
| Topical term or geographic name entry element | Étrangers |
| General subdivision | Droit international privé |
| Geographic subdivision | France |
| Source of heading or term | qrmak |
| 651 1# - SUBJECT ADDED ENTRY--GEOGRAPHIC NAME | |
| Source of heading or term | qrmak |
| 856 40 - ELECTRONIC LOCATION AND ACCESS | |
| Uniform Resource Identifier | <a href="https://fll.law.cu.edu.eg/fulltext/bks/B12-01681.pdf">https://fll.law.cu.edu.eg/fulltext/bks/B12-01681.pdf</a> |
| 905 ## - Cataloger and Reviser Names | |
| Cataloger Name: | Rawan khaled |
| Revisor Name: | Yara |
| 942 ## - ADDED ENTRY ELEMENTS (KOHA) | |
| Source of classification or shelving scheme | Dewey Decimal Classification |
| Koha item type | Books |
| Edition | 21 |
| Suppress in OPAC | No |
| Withdrawn status | Lost status | Source of classification or shelving scheme | Damaged status | Not for loan | Collection | Home library | Current library | Date acquired | Total checkouts | Full call number | Barcode | Date last seen | Copy number | Price effective from | Koha item type |
|---|---|---|---|---|---|---|---|---|---|---|---|---|---|---|---|
| Dewey Decimal Classification | Not for loan | القانون الدولي الخاص | جــــامعة القــاهرة | مكتبة كلية الحقوق - المبنى الرئيسي | 22.12.2025 | Law1 12 341.83044 SI . A 1955 1201681 C1 | B12-01681 | 22.12.2025 | 1 | 22.12.2025 | Books | ||||
| Dewey Decimal Classification | القانون الدولي الخاص | جــــامعة القــاهرة | مكتبة كلية الحقوق - المبنى الرئيسي | 22.12.2025 | Law1 12 341.83044 SI . A 1955 1201682 C2 | B12-01682 | 22.12.2025 | 2 | 22.12.2025 | Books |